000 00521nam a2200193Ia 4500
003 OSt
005 20241202151448.0
008 210716s2000 xx 000 0 und d
020 _a0684850311
040 _cAIMIT LIBRARY
041 _aeng
082 _a808.83
_21
_bCOLJ
100 _aCollins, Jackie.
_9187366
245 _aLethal seduction /
_cBy Jackie Collins.
250 _a1st ed.
260 _aNew York :
_bSimon & Schuster ;
_c2000.
300 _a476p. ;
_bPB
_c24 cm.
942 _2ddc
_cBK
_e1st ed.
_k808.83 CLOJ
999 _c199872
_d199872